| 000 | 00810cam a2200265Ii 4500 | ||
|---|---|---|---|
| 999 |
_c261 _d261 |
||
| 001 | 487545 | ||
| 003 | OSt | ||
| 005 | 20180811122354.0 | ||
| 008 | 770715s1964 ii 001 0 eng d | ||
| 035 | _a(OCoLC)ocm03116541 | ||
| 035 | _a(OCoLC)ocm03116541 | ||
| 040 |
_aBCT _cBCT |
||
| 049 | _aPTSS | ||
| 082 |
_a266 _bJ76C |
||
| 090 |
_aBP172 _b.J65 1964 |
||
| 100 | 1 |
_aJones, L. Bevan _q(Lewis Bevan) |
|
| 245 | 1 | 0 |
_aChristianity explained to Muslims : _ba manual for Christian workers / _cby L. Bevan Jones. |
| 250 | _aRev. ed. | ||
| 260 |
_aCalcutta : _bBaptist Mission Press, _c1964. |
||
| 300 |
_axii, 172 p. ; _c19 cm. |
||
| 504 | _aIncludes bibliographical references and index. | ||
| 650 | 0 |
_aChristianity and other religions _xIslam. |
|
| 650 | 0 |
_aIslam _xRelations _xChristianity. |
|
| 942 |
_2ddc _cBK |
||